[Event "IRT CXG Cidade Maravilhosa"]
[Site "Rio de Janeiro BRA"]
[Date "2010.05.29"]
[Round "7.5"]
[White "Bil, Angelo"]
[Black "Fernandes, Silas Carvalho"]
[Result "1-0"]
[WhiteElo "2151"]
[BlackElo "2014"]
[PlyCount "146"]
[EventDate "2010.04.10"]
[EventType "swiss"]
[EventRounds "7"]
[EventCountry "BRA"]
[Source "lmi"]
[SourceDate "2010.04.10"]

1. e4 c5 2. Nf3 d6 3. c3 Nf6 4. Be2 g6 5. O-O Bg7 6. Re1 O-O 7. Bf1 Nc6 8. h3
Qc7 9. Na3 a6 10. d4 b5 11. d5 Nb8 12. Bd2 Bb7 13. Rc1 Nbd7 14. Nc2 Nb6 15. b3
e6 16. c4 exd5 17. exd5 b4 18. Bf4 Rfe8 19. Qd3 a5 20. Rxe8+ Rxe8 21. Re1 Bc8
22. g4 Qd7 23. Rxe8+ Nxe8 24. Nd2 Qe7 25. Qe4 Kf8 26. Qxe7+ Kxe7 27. Bd3 Bb2
28. Nf3 f6 29. Kg2 a4 30. Bd2 a3 31. Nfe1 Nd7 32. f4 Nb6 33. Kg3 Bd7 34. h4 f5
35. h5 Nf6 36. hxg6 hxg6 37. Ne3 Bd4 38. N1c2 Ne4+ 39. Bxe4 fxe4 40. Ng2 Kf7
41. Be3 Bc3 42. Bf2 Bc8 43. Be1 Bb2 44. Bd2 Ba6 45. Nge3 Bg7 46. Ne1 Bd4 47.
N1g2 Bf6 48. g5 Bd4 49. f5 Be5+ 50. Kg4 gxf5+ 51. Kxf5 Bc8+ 52. Kxe4 Kg6 53.
Nf4+ Kxg5 54. Ne6+ Kg6 55. Nxc5 Bc3 56. Bxc3 bxc3 57. Nd3 Kg5 58. Kd4 Kf6 59.
Kxc3 Ke7 60. Nc2 Bb7 61. Ndb4 Nd7 62. Nxa3 Nc5 63. Nd3 Ne4+ 64. Kd4 Nd2 65. Nb5
Nf3+ 66. Ke3 Ng5 67. Nf2 Nf7 68. Ne4 Bc8 69. a4 Ba6 70. Nd4 Kd7 71. Nf5 Kc7 72.
Kd4 Bc8 73. Ne7 Bf5 1-0

[Event "IRT CXG Cidade Maravilhosa"]
[Site "Rio de Janeiro BRA"]
[Date "2010.05.29"]
[Round "7.6"]
[White "Maia, Marco Aurelio Ferre"]
[Black "Chaves, Jorge Antonio Torre"]
[Result "1-0"]
[WhiteElo "2139"]
[BlackElo "1991"]
[PlyCount "77"]
[EventDate "2010.04.10"]
[EventType "swiss"]
[EventRounds "7"]
[EventCountry "BRA"]
[Source "lmi"]
[SourceDate "2010.04.10"]

1. d4 Nf6 2. c4 b6 3. Nc3 Bb7 4. Qc2 d5 5. Bg5 Nbd7 6. cxd5 Nxd5 7. Nxd5 Bxd5
8. e4 Bb7 9. Bb5 a6 10. Bc6 Bxc6 11. Qxc6 Ra7 12. Rc1 Qb8 13. Nf3 f6 14. Bf4
Kd8 15. h4 g6 16. O-O Bg7 17. d5 Rf8 18. Nd4 Rf7 19. Qe6 Ke8 20. Nc6 Qa8 21.
Nxa7 Nc5 22. Qc6+ Qxc6 23. dxc6 e5 24. Be3 Bf8 25. Rfd1 Nxe4 26. Bxb6 Bd6 27.
Be3 Kd8 28. Rc4 f5 29. Rb4 Ke7 30. Nc8+ Ke6 31. Nxd6 Nxd6 32. Ra4 f4 33. Bc5
Nf5 34. Rxa6 Nxh4 35. Rd7 Rf5 36. Rxh7 g5 37. Rxc7 e4 38. b4 Ng6 39. Rg7 1-0

[Event "IRT CXG Cidade Maravilhosa"]
[Site "Rio de Janeiro BRA"]
[Date "2010.05.29"]
[Round "7.7"]
[White "Saraiva, Alexandre Pacheco"]
[Black "Carvalho, Renato"]
[Result "1-0"]
[WhiteElo "1951"]
[BlackElo "1861"]
[PlyCount "89"]
[EventDate "2010.04.10"]
[EventType "swiss"]
[EventRounds "7"]
[EventCountry "BRA"]
[Source "lmi"]
[SourceDate "2010.04.10"]

1. Nf3 c5 2. e4 g6 3. Bc4 Bg7 4. Nc3 e6 5. O-O Ne7 6. d4 cxd4 7. Nxd4 O-O 8.
Bg5 a6 9. Qd2 Re8 10. Rad1 Qc7 11. Bb3 Nbc6 12. Be3 Na5 13. f4 Nxb3 14. cxb3 d5
15. Rc1 Qa5 16. e5 Bd7 17. a3 Rac8 18. b4 Qd8 19. b3 Nc6 20. Nce2 b5 21. Rc3
Nxd4 22. Bxd4 Rxc3 23. Qxc3 Qb8 24. Bc5 Rc8 25. Nc1 d4 26. Qxd4 Bc6 27. Bd6 Qb7
28. Qd2 Be4 29. Rf2 Qd5 30. Bc5 Bf8 31. Qxd5 exd5 32. Ne2 Bxc5 33. bxc5 Rxc5
34. Nd4 a5 35. g4 a4 36. Rb2 axb3 37. Rxb3 Rc4 38. Nxb5 Rc2 39. h3 Rd2 40. Nd6
Rd1+ 41. Kf2 Rb1 42. Rxb1 Bxb1 43. a4 Bd3 44. Ke3 Ba6 45. Kd4 1-0

[Event "IRT CXG Cidade Maravilhosa"]
[Site "Rio de Janeiro BRA"]
[Date "2010.05.29"]
[Round "7.8"]
[White "Rabello, David Sousa"]
[Black "Yunes, David Teles"]
[Result "1/2-1/2"]
[WhiteElo "1952"]
[BlackElo "1866"]
[PlyCount "24"]
[EventDate "2010.04.10"]
[EventType "swiss"]
[EventRounds "7"]
[EventCountry "BRA"]
[Source "lmi"]
[SourceDate "2010.04.10"]

1. e4 c5 2. Nf3 Nc6 3. Bb5 g6 4. Bxc6 dxc6 5. h3 Bg7 6. d3 Nf6 7. Nc3 O-O 8.
O-O Ne8 9. Bf4 Nc7 10. Qd2 f6 11. Bh6 e5 12. Rad1 Ne6 1/2-1/2